[Event "Madrid-ch Previa-A"]
[Site "Madrid"]
[Date "2021.02.17"]
[Round "6"]
[White "Rico Jimenez, Samuel"]
[Black "Torres Rebolledo, Victor"]
[Result "0-1"]
[WhiteElo "1834"]
[BlackElo "1818"]
[PlyCount "148"]
[EventDate "2021.02.08"]
[EventType "swiss"]
[EventRounds "9"]
[EventCountry "ESP"]
[SourceTitle "EXT 2022"]
[Source "ChessBase"]
[SourceDate "2021.10.06"]
[SourceVersion "1"]
[SourceVersionDate "2021.10.06"]
[SourceQuality "1"]

1. e4 c5 2. Nf3 d6 3. d4 Nf6 4. Nc3 cxd4 5. Nxd4 g6 6. Be2 Bg7 7. 0-0 0-0 8. Be3 Nc6 9. Kh1 d5 10. exd5 Nxd5 11. Nxd5 Qxd5 12. Bf3 Qd7 13. Nxc6 bxc6 14. Qxd7 Bxd7 15. Rad1 Bf5 16. c3 Rfc8 17. Rd2 h5 18. h3 a6 19. Re1 Be6 20. a3 Rab8 21. Bg5 Rb7 22. Red1 Kh7 23. Be2 Rcb8 24. Bf4 Ra8 25. Bf3 Rc8 26. g4 hxg4 27. hxg4 Bd5 28. Bxd5 cxd5 29. Re2 Rc4 30. Bg3 e6 31. f3 Rc6 32. Bf2 Rc8 33. Bg3 Rc5 34. Kg2 Kg8 35. Rb1 Rcb5 36. b4 Bxc3 37. Rc2 d4 38. Bd6 Rd5 39. Bc5 a5 40. f4 axb4 41. axb4 e5 42. fxe5 Rxe5 43. Rxc3 dxc3 44. Bd4 f6 45. Bxe5 fxe5 46. Rc1 Rxb4 47. Rxc3 Rxg4+ 48. Kh3 Rf4 49. Rc7 Rf7 50. Rc5 Rd7 51. Kg4 e4 52. Rc2 Kf7 53. Rf2+ Ke6 54. Rf8 Rf7 55. Ra8 Rf1 56. Ra5 Rf2 57. Kg3 Rf5 58. Ra6+ Ke5 59. Rxg6 e3 60. Rg8 Ke4 61. Re8+ Kd3 62. Rd8+ Ke2 63. Rd7 Ke1 64. Kg2 e2 65. Re7 Rd5 66. Kf3 Rf5+ 67. Kg2 Rd5 68. Kf3 Rd3+ 69. Kg2 Rc3 70. Rd7 Rc1 71. Re7 Kd2 72. Rd7+ Kc2 73. Rc7+ Kb2 74. Rb7+ Ka3 0-1

[Event "Madrid-ch Previa-A"]
[Site "Madrid"]
[Date "2021.02.08"]
[Round "1"]
[White "Rico Jimenez, Samuel"]
[Black "Hernandez Brea, Rolando Jose"]
[Result "1-0"]
[WhiteElo "1834"]
[BlackElo "1455"]
[PlyCount "63"]
[EventDate "2021.02.08"]
[EventType "swiss"]
[EventRounds "9"]
[EventCountry "ESP"]
[SourceTitle "EXT 2022"]
[Source "ChessBase"]
[SourceDate "2021.10.06"]
[SourceVersion "1"]
[SourceVersionDate "2021.10.06"]
[SourceQuality "1"]

1. e4 e5 2. Nc3 Nc6 3. Nf3 Bc5 4. Nxe5 Bxf2+ 5. Kxf2 Nxe5 6. d4 Qf6+ 7. Ke1 Nc6 8. Be3 d6 9. Qf3 Nxd4 10. Qxf6 Nxc2+ 11. Kd2 Nxf6 12. Kxc2 Be6 13. Bb5+ c6 14. Be2 0-0 15. Rad1 Rfd8 16. Bg5 Rd7 17. Bxf6 gxf6 18. Rhf1 Kg7 19. Rd3 Rad8 20. Rg3+ Kh8 21. Rxf6 a6 22. Rh6 d5 23. Bd3 dxe4 24. Bxe4 f5 25. Rxe6 fxe4 26. Nxe4 Rd5 27. Re7 R5d7 28. Rxd7 Rxd7 29. Rg8+ Kxg8 30. Nf6+ Kf7 31. Nxd7 Ke7 32. Nc5 1-0